Quiz sur Haikyuu!! - Statistiques

Statistiques générales
  • Ce quiz a été pris 633 fois
    620 depuis la dernière actualisation
  • Le résultat moyen est 10 sur 15
Statistiques - réponses
Question Réponse % Correct
Quel est le nom de l'école où joue le protagoniste, Shoyo Hinata ? Karasuno
99%
Qui est le capitaine de l'équipe de Karasuno au début de la série ? Daichi Sawamura
97%
Quel personnage joue principalement le rôle de libéro dans l'équipe de Karasuno ? Nishinoya
96%
Quel est le nom du coach de Karasuno pendant les matchs du tournoi national ? Keishin Ukai
94%
Quel était le surnom de Kageyama Tobio ? Le roi du terrain
93%
Qui est le "Ace" de l’équipe de Karasuno ? Asahi Azumane
86%
Quel est le nom du joueur qui est surnommé "Le Chat" dans l'équipe de Nekoma ? Kenma Kozume
78%
Quel est le rôle principal de Hinata dans l'équipe ? attaquant
70%
Quel est le nom de l'ancienne école de Kageyama Tobio avant qu'il ne rejoigne Karasuno ? Kitagawa Daichi
61%
Qui est le "Génie du service" dans l’équipe de Karasuno ? Yamaguchi
58%
Dans la saison 4, quel est le nom de l'équipe qui affronte Karasuno lors de la phase finale des championnats nationaux ? Inarizaki
53%
Quel est le principal objectif de Hinata au début de la série ? Battre kageyama
51%
Quel est le principal rival de Karasuno lors des matchs inter-écoles ? Aoba Johsai
49%
Quelle équipe a été le principal rival de Karasuno lors des championnats nationaux ? Shiratorizawa
36%
Quel est le prénom du joueur surnommé "Le Géant" dans l'équipe de Fukurodani ? Akihito
17%
Aucun quiz correspondant
Distribution des résultats
% des personnes avec chaque résultat
Percentile par nombre de réponses
Votre historique - résultats
Vous n’avez pas pris ce quiz depuis la dernière actualisation